| 000 | 00717nam a22001337a 4500 | ||
|---|---|---|---|
| 040 | _cRUA | ||
| 082 | _aAGR NHO 2017 B636 Or.1 | ||
| 100 | _aNHOUN DYNA ញន ឌីណា | ||
| 245 | _aeffect of different kind herbicide on ir 66 rice variety in prateak lang soil condition ឥទ្ធិពលប្រភេទថ្នាំសម្លាប់ស្មៅចង្រៃផ្សេងៗគ្នាលើពូជស្រូវអ៊ីអែ៊រ ៦៦ ក្នុងលក្ខខណ្ឌដីប្រទះឡាន | ||
| 260 |
_aRUA _bPhnom penh _c2017 |
||
| 300 |
_ax;44p _bill; _c29cm |
||
| 856 | _uhttps://drive.google.com/file/d/19z1310NZkG7Mu0zmBA3W9aign5ZBLjby/view?usp=sharing | ||
| 942 | _cAGR | ||
| 999 |
_c18004 _d18004 |
||